000 00668nam a22002177a 4500
003 UA-OsUOA
001 75064
007 ta
008 20110427b un ||||| |||| 00| 0 ukr d
100 _aНаєнко М.
090 _a82
_bН17
942 _cSA
040 _aUA-OsUOA
_bukr
_cUA-OsUOA
_dUA-OsUOA
245 _aГоголівські візії в "Записках українського самашедшего" (Спроба компаративного прочитання)
300 _aС.53-56
955 _a0
041 _aukr
080 _a82
773 0 _w75063
650 7 _a82 Література. Літературознавство
_2UDC
999 _c361362
_d361362